Catalog

Record Details

Catalog Search



Skipping Christmas  Cover Image Book Book

Skipping Christmas / John Grisham.

Grisham, John. : (author).

Summary:

Imagine a year without Christmas. No crowded shops, no corny office parties, no fruitcakes, no unwanted presents. That's just what Luther and Nora Krank have in mind when they decide that, just this once, they'll skip the holiday altogether. Theirs will be the only house on the street without a rooftop Frosty the snowman; they won't be hosting their annual Christmas Eve bash; they aren't even going to have a tree. They won't need one, because come December 25 they're setting sail on a Caribbean cruise. But, as this weary couple is about to discover, skipping Christmas brings enormous consequences - and isn't half as easy as they'd imagined.

Record details

  • ISBN: 0385505833
  • ISBN: 9780385505833
  • ISBN: 0385506244
  • ISBN: 9780385506243
  • ISBN: 0385508417
  • ISBN: 9780385508414
  • Physical Description: 177 pages ; 20 cm.
  • Edition: First edition.
  • Publisher: New York : Doubleday, ©2001.
Subject: Ocean travel > Fiction.
Holidays
Christmas Eve bash
Caribbean Area > Fiction.
Genre: Christmas fiction.

Available copies

  • 1 of 1 copy available at scottsboropl.

Holds

  • 0 current holds with 1 total copy.
Show Only Available Copies
Location Call Number / Copy Notes Barcode Shelving Location Status Due Date
scottsboropl F Gri 32269000649924 Adult - Fiction Available -

LDR 01088cam a2200325 a 4500
001117275
003SBPL
00520221011212152.0
008011121s2001 nyu 000 1 eng d
010 . ‡a 2001277586
020 . ‡a0385505833 ‡q(hardcover)
020 . ‡a9780385505833 ‡q(hardcover)
020 . ‡a0385506244 ‡q(limited ed.)
020 . ‡a9780385506243 ‡q(limited ed.)
020 . ‡a0385508417 ‡q(Hardcover)
020 . ‡a9780385508414 ‡q(Hardcover)
035 . ‡a(OCoLC)54083800 ‡z(OCoLC)48069628 ‡z(OCoLC)57204821 ‡z(OCoLC)428836163 ‡z(OCoLC)733727829 ‡z(OCoLC)781949792 ‡z(OCoLC)798216452 ‡z(OCoLC)806374734 ‡z(OCoLC)1011020228 ‡z(OCoLC)1037252867 ‡z(OCoLC)1089388454
05000. ‡aPS3557.R5355 ‡bS58 2001
08200. ‡a813/.54 ‡221
1001 . ‡aGrisham, John. : ‡eauthor
24510. ‡aSkipping Christmas / ‡cJohn Grisham.
250 . ‡aFirst edition.
260 . ‡aNew York : ‡bDoubleday, ‡c©2001.
300 . ‡a177 pages ; ‡c20 cm.
336 . ‡atext ‡btxt ‡2rdacontent
337 . ‡aunmediated ‡bn ‡2rdamedia
338 . ‡avolume ‡bnc ‡2rdacarrier
520 . ‡aImagine a year without Christmas. No crowded shops, no corny office parties, no fruitcakes, no unwanted presents. That's just what Luther and Nora Krank have in mind when they decide that, just this once, they'll skip the holiday altogether. Theirs will be the only house on the street without a rooftop Frosty the snowman; they won't be hosting their annual Christmas Eve bash; they aren't even going to have a tree. They won't need one, because come December 25 they're setting sail on a Caribbean cruise. But, as this weary couple is about to discover, skipping Christmas brings enormous consequences - and isn't half as easy as they'd imagined.
650 7. ‡aOcean travel ‡vFiction.
6500 . ‡aHolidays
6500 . ‡aChristmas Eve bash
651 7. ‡aCaribbean Area ‡vFiction.
655 7. ‡aChristmas fiction. ‡2lcgft
901 . ‡a117275 ‡bUnknown ‡c117275 ‡tbiblio

Additional Resources